000 00728nam a2200229 i 4500
001 113348
003 ES-MaACL
005 20230906185845.0
007 t|
008 061121s1969 ag r ||||1| spa d
080 _a301.19(091)(04)
100 1 _aNisbet, Robert A.
_985766
245 1 3 _aLa formación del pensamiento sociológico /
_cRobert A. Nisbet ; traducción de Enrique Molina de Vedia.
260 _aBuenos Aires :
_bAmorrortu,
_c1969.
300 _a2 v. ;
_c20 cm.
490 1 _aBiblioteca de sociología
650 4 _aSociología-
_vHistoria.
_917200
700 1 _aMolina de Vedia, Enrique.
_981927
830 0 _aBiblioteca de sociología
_9179787
852 _aES-MaACL
_jA-5754-55
999 _c113348
_d113348